LEADER 00921nam a2200265 i 4500 001 991003147769707536 005 20021205130035.0 008 020129s|||| it ||| | ||| 020 $a9720050616 035 $ab11761428-39ule_inst 035 $aLE01283607$9ExL 040 $aDip.to Lingue$bita 100 1 $aMea, Giuseppe$076092 245 10$aPortoghese italiano /$cGiuseppe Mea 260 $aBologna :$bZanichelli,$c1999 300 $a1168 p. ;$c23 cm. 440 2$aO dicionario portugues ;$v1 650 4$aDizionari - Portoghese-Italiano 650 4$aLingua portoghese - Portoghese-Italiano 907 $a.b11761428$b21-09-06$c05-12-02 912 $a991003147769707536 945 $aLE012 REF 469.351 MEA 1$g1$i2012000031210$lle012$o-$pE0.00$q-$rn$so $t0$u0$v0$w0$x0$y.i12006774$z05-12-02 996 $aPortoghese italiano$9904809 997 $aUNISALENTO 998 $ale012$b01-01-02$cm$da $e-$feng$git $h0$i1